O'Neill / (Record no. 200468294)

MARC details
000 -LEADER
fixed length control field 02091cam a2200433 i 4500
001 - CONTROL NUMBER
control field 200468294
003 - CONTROL NUMBER IDENTIFIER
control field TR-AnTOB
005 - DATE AND TIME OF LATEST TRANSACTION
control field 20260424120432.0
007 - PHYSICAL DESCRIPTION FIXED FIELD--GENERAL INFORMATION
fixed length control field ta
008 - FIXED-LENGTH DATA ELEMENTS--GENERAL INFORMATION
fixed length control field 260424s1965 nyua b 001 0beng
010 ## - LIBRARY OF CONGRESS CONTROL NUMBER
LC control number 61013602
016 ## - NATIONAL BIBLIOGRAPHIC AGENCY CONTROL NUMBER
Record control number (AMICUS)000001252670
035 ## - SYSTEM CONTROL NUMBER
System control number (CLU)1370017-ucladb-Voyager
System control number (OCoLC)00290004
Canceled/invalid control number (OCoLC)43558275
-- (OCoLC)225311607
-- (OCoLC)622246592
-- (OCoLC)976655111
-- (OCoLC)978173828
-- (OCoLC)1152909028
-- (OCoLC)1172233378
System control number (OCoLC)ocm00290004
System control number (EXLNZ-01UCS_NETWORK)9913126749806531
System control number (TR-AnTOB)200468294
040 ## - CATALOGING SOURCE
Original cataloging agency DLC
Language of cataloging eng
Description conventions rda
Transcribing agency DLC
Modifying agency DIBAM
-- BTCTA
-- SXC
-- OCLCO
-- U3G
-- RAU
-- STM
-- OCLCQ
-- OCLCO
-- OCLCF
-- FUG
-- OCLCO
-- OCLCQ
-- OCL
-- TJF
-- ALROG
-- OCLCQ
-- NLC
-- CSJ
-- OCLCO
-- OCLCQ
-- OCLCO
-- OCLCQ
-- GILDS
-- TYC
-- OCLCQ
-- JDP
-- OCLCO
-- OCL
-- J9U
-- CPO
-- CBA
-- OCL
-- OCLCO
-- OCLCA
-- OCLCQ
-- OCLCO
-- CNUTO
-- UEJ
-- IL4J6
-- OCLCO
-- OCLCL
-- BCO
-- UX0
-- OCLCL
-- OCLCQ
-- NBMAB
-- OCLCL
-- OCLCQ
-- OCLCL
-- OCLCO
-- TR-AnTOB
041 0# - LANGUAGE CODE
Language code of text/sound track or separate title İngilizce
050 14 - LIBRARY OF CONGRESS CALL NUMBER
Classification number PS3529.N5
Item number Z653 1965
090 ## - LOCALLY ASSIGNED LC-TYPE CALL NUMBER (OCLC); LOCAL CALL NUMBER (RLIN)
Classification number (OCLC) (R) ; Classification number, CALL (RLIN) (NR) PS3529.N5
Local cutter number (OCLC) ; Book number/undivided call number, CALL (RLIN) Z653 1965
100 1# - MAIN ENTRY--PERSONAL NAME
Personal name Gelb, Arthur,
Dates associated with a name 1924-2014
Relator term author
Relator code aut
Authority record control number or standard number http://id.loc.gov/authorities/names/n83231701
9 (RLIN) 153910
245 10 - TITLE STATEMENT
Title O'Neill /
Statement of responsibility, etc. Arthur & Barbara Gelb.
264 #1 - PRODUCTION, PUBLICATION, DISTRIBUTION, MANUFACTURE, AND COPYRIGHT NOTICE
Place of production, publication, distribution, manufacture New York :
Name of producer, publisher, distributor, manufacturer Dell Pub. Co.,
Date of production, publication, distribution, manufacture, or copyright notice 1965.
300 ## - PHYSICAL DESCRIPTION
Extent 575 pages ;
Dimensions 18 cm
336 ## - CONTENT TYPE
Content type term text
Content type code txt
Source rdacontent
337 ## - MEDIA TYPE
Media type term unmediated
Media type code n
Source rdamedia
338 ## - CARRIER TYPE
Carrier type term volume
Carrier type code nc
Source rdacarrier
500 ## - GENERAL NOTE
General note Laurel edition 6629
504 ## - BIBLIOGRAPHY, ETC. NOTE
Bibliography, etc. note Includes bibliographical references and index.
505 0# - FORMATTED CONTENTS NOTE
Formatted contents note Haunting ghosts: 1846-1912 -- The birth of a soul: 1912-1920 -- The makings of a poet: 1920-1926 -- Wilderness regained: 1926-1936 -- Hopeless hope: 1936-1953.
600 10 - SUBJECT ADDED ENTRY--PERSONAL NAME
Personal name O'Neill, Eugene,
Dates associated with a name 1888-1953
Authority record control number or standard number http://id.loc.gov/authorities/names/n79092602
9 (RLIN) 153200
650 #0 - SUBJECT ADDED ENTRY--TOPICAL TERM
Topical term or geographic name entry element Dramatists, American
Chronological subdivision 20th century
Form subdivision Biography
9 (RLIN) 153332
655 #7 - INDEX TERM--GENRE/FORM
Genre/form data or focus term Biographies
Source of term lcgft
Authority record control number http://id.loc.gov/authorities/genreForms/gf2014026049
9 (RLIN) 146142
700 1# - ADDED ENTRY--PERSONAL NAME
Personal name Gelb, Barbara
Relator term author
Relator code aut
Authority record control number or standard number http://id.loc.gov/authorities/names/n50018266
9 (RLIN) 153911
942 ## - ADDED ENTRY ELEMENTS (KOHA)
Source of classification or shelving scheme Library of Congress Classification
Koha item type Book
Holdings
Withdrawn status Lost status Source of classification or shelving scheme Damaged status Not for loan Collection code Home library Current library Shelving location Date acquired Source of acquisition Inventory number Total Checkouts Full call number Barcode Date last seen Copy number Date shelved Koha item type Public note
    Library of Congress Classification Kullanılmış / Used Ödünç Verilemez-Kurumiçi kullanım / Not for loan-For inhouse use Genel Koleksiyon Tıp Fakültesi Medikal Kütüphane Tıp Fakültesi Medikal Kütüphane Genel Koleksiyon / Main Collection 18/03/2026 Bağış / Donation İDE   PS3529.N5 Z653 1965 TıpFaK TF03227 24/04/2026 1 24/04/2026 Book Donated by Prof. Dr. Şükrü Cin
Devinim Yazılım Eğitim Danışmanlık tarafından Koha'nın orjinal sürümü uyarlanarak geliştirilip kurulmuştur.